Normal view
MARC view
- Flores, Leonardo,
Entry Nombre Personal
001 - NUMERO DE CONTROL
- campo de control: 36589
003 - IDENTIFICADOR DE NUMERO DE CONTROL
- campo de control: UPN
005 - FECHA Y HORA DE LA ÜLTIMA TRANSACCIÓN
- campo de control: 20210219194516.0
008 - DATOS DE LONGITUD FIJA
- campo de control de longitud fija: nabaccnnaabn|||||||||| b |nc|||||d
035 ## - NUMERO DE CONTROL
- Número de control: UPN11000008696
040 ## - FUENTE DE CATALOGACIÓN
- Lenguaje de catalogación: SPA
- Agencia de transcripción: UPN
100 1# - ENCABEZAMIENTO - NOMBRE PERSONAL
- Nombre personal: Flores, Leonardo,
- Fechas asociadas con el nombre: 1974-
670 ## - FUENTE EN LA QUE SE LOCALIZARON DATOS
- Cita de la fuente: T
- Información localizada: Animaladas
680 ## - NOTA PUBLICA DE ACCESO PÚBLICO
- Encabezamiento o subdivisión: Nació en Buenos Aires, Argentina. Desarrolla sus actividades artísticas en ilustración, dibujo animado y fotografía. Vive en Barcelona.
902 ## - CATALOGADOR
- Catalogador: MITM/250215
